000 00665cam a2200205 4500
001 BUCI003825
008 s1976 mx spa
035 _aBUCI003825
100 1 _aAguirre Avellaneda, Jerjes
245 1 3 _aLa Política ejidal en México /
_cJerjes Aguirre Avellaneda.
260 _aMéxico:
_bInstituto Mexicano de Sociología,
_c1976
300 _a200 p.;
_c21 cm.
504 _aBibliografía: p. 191-198
504 _aIncluye índice
650 7 _aTenencia de la tierra
_xMéxico
_2Lemb
650 7 _aTierras
_xTenencia
_2Lemb
650 7 _aAgricultura y estado
_xMéxico
_2Lemb
942 _2lcc
_cLIB
999 _c103323
_d103323